[Event "DOM-ch (Women)"]
[Site "Santo Domingo"]
[Date "2018.03.09"]
[Round "1"]
[White "Coronado Paulino, Karen Libell"]
[Black "Mendez Lorenzo, Emily Cristal"]
[Result "1-0"]
[WhiteElo "1676"]
[BlackElo "1096"]
[PlyCount "21"]
[EventDate "2018.03.09"]
[EventType "swiss"]
[EventRounds "8"]
[EventCountry "DOM"]
[SourceTitle "CBM 183 Extra"]
[Source "ChessBase"]
[SourceDate "2018.04.19"]
[SourceVersion "1"]
[SourceVersionDate "2018.04.19"]
[SourceQuality "1"]

1. e4 e5 2. Nf3 Nc6 3. Bc4 Nf6 4. Ng5 Rg8 5. Bxf7+ Ke7 6. Bxg8 Nxg8 7. Nc3 Ke8 8. Qh5+ Ke7 9. Nd5+ Kd6 10. Nf7+ Ke6 11. Qf5# 1-0